000
00208 a2200097 4500
001
42274
100
_a
Martell P
245
_a
World Defence Who's Who
260
_a
_b
Mac. E Janes
_c
090
_c
26243
_d
26243
942
_a
NUST-CAE
_c
M
_c
18051
999
_c
277347
_d
277347